Moffie : un gay in guerra nel Sudafrica dell'apartheid /

Uloženo v:
Podrobná bibliografie
Hlavní autor: Van der Merwe, André Carl
Další autoři: Iacoponi, Valentina
Médium: Kniha
Jazyk:italština
Vydáno: [Pavona di Albano Laziale] : Iacobelli, 2012
Edice:Frammenti di memoria ; 33
Tagy: Přidat tag
Žádné tagy, Buďte první, kdo vytvoří štítek k tomuto záznamu!

MARC

LEADER 00000nam a22000007i 4500
001 IT\ICCU\UBO\3946626
003 ItRI
005 20260115232124.0
008 120622s2012 it |||||| ||||| |||||c
020 |a 9788862521666 
040 |b ita  |c importazione bologna sebina 
041 7 |a ita  |2 ISO-639-2 
100 1 |a Van der Merwe, André Carl  |0 IT\ICCU\UBOV\340119 
240 1 0 |a Moffie  |3 IT\ICCU\MOD\1615155  |9 Van der Merwe, André Carl 
245 1 0 |a Moffie :  |b un gay in guerra nel Sudafrica dell'apartheid /  |c André Carl van der Merwe ; traduzione di Valentina Iacoponi. 
260 |a [Pavona di Albano Laziale] :  |b Iacobelli,  |c 2012 
300 |a 285 p. ;  |c 23 cm. 
700 1 |a Iacoponi, Valentina  |0 IT\ICCU\LIGV\011030 
830 0 |a Frammenti di memoria ;  |v 33  |0 IT\ICCU\UBO\3433660 
942 |2 ddc  |c BK  |n 0 
952 |0 0  |1 0  |4 0  |6 DOC_813_600000000000000_MER  |7 0  |9 20442  |a BO  |b BO  |d 2026-01-15  |i 16434  |l 0  |o DOC 813.6 MER  |p BO16434  |r 2026-01-15 23:21:24  |w 2026-01-15  |x [Sebina 5] [1 v.]  |y BK  |z 1 v. 
999 |c 17447  |d 17447